01209nam a2200289Ia 4500008004100000040001800041041000800059100002400067245005600091260004300147300001800190490008800208504005100296650003100347650003400378650003600412650002600448700001900474700002900493700002000522700001900542710004200561740007200603740008800675740007000763740008600833130821s1938 ne gr fre  aCo-BoUCMbspa00afre1 aLouis-Lucas, Pierre14aLes conflicts de nationalitéscPierre Louis-Lucas aLeiden (Holanda)bA. W. Sijthoffc1938 a644 páginas 0aRecueil des Cours.v64aCollected Courses of the Hague Academy of International Law aIncluye bibliografía e índice alfabético04aConflictos internacionales04aDerecho internacional privado04aDerecho internacional público04aDerecho internacional12aBoye, Thorvald12aChevallier, Jean Jacques12aDjuvara, Mircea12aPotter, Pitman2 aAcadémie de Droit International Law02aDéveloppement de l'organisation internationale /Pitman B. Potter.02aQuelques aspects du développement des règles de la neutralité /Thorvald Boye.32aLa Société des nations britanniques /Jean-Jacques Chevallier.32aLe fondement de l'ordre juridique positif en droit international /Mircea Djuvara.